Home Print Resources E-Books E-Journals IIMT Lecture Series Library Membership Form Book Recommendation Form Campus Tour Take AdmissionAbout Us Contact Us

TEXTBOOK OF COMMUNITY MEDICINE (Record no. 66187)

000 -LEADER
fixed length control field 00420nam a22001817a 4500
008 - FIXED-LENGTH DATA ELEMENTS--GENERAL INFORMATION
fixed length control field 250911b |||||||| |||| 00| 0 eng d
020 ## - ISBN
International Standard Book Number 9789348816818
040 ## - CATALOGING SOURCE
Original cataloging agency IIMT Ayurveda Medical College and Hospital(0669)
082 ## - DDC NUMBER
Classification number 615.3 BHA
100 ## - MAIN ENTRY--PERSONAL NAME
Personal name BHALWAR, RAJVIR
110 ## - MAIN ENTRY--CORPORATE NAME
Department AYURVEDIC
245 ## - TITLE STATEMENT
Title TEXTBOOK OF COMMUNITY MEDICINE
250 ## - EDITION STATEMENT
Edition statement 6TH
260 ## - PUBLICATION, DISTRIBUTION, ETC. (IMPRINT)
Place of publication, distribution, etc NEW DELHI
Name of publisher, distributor, etc WOLTERS KLUWER
Date of publication, distribution, etc 2025
300 ## - PHYSICAL DESCRIPTION
Pages 944
650 ## - Subject
Subject MEDICINE
942 ## - ADDED ENTRY ELEMENTS (KOHA)
Koha item type Text-Book- for 7 days
952 ## - LOCATION AND ITEM INFORMATION (KOHA)
-- 2025-09-11
952 ## - LOCATION AND ITEM INFORMATION (KOHA)
-- 2025-09-11
Holdings
Withdrawn status Lost status Source of classification or shelving scheme Damaged status Not for loan Location (home branch) Sublocation or collection (holding branch) Date acquired Source of Acquisition Koha issues (times borrowed) Koha full call number Accession No. Koha date last seen Koha item type
          IIMT Ayurveda Medical College and Hospital(0669) IIMT Ayurveda Medical College and Hospital(0669) 09/03/2025 R.LALL, MEERUT   615.3 BHA 30-B-8567 09/11/2025 Text-Book- for 7 days
          IIMT Ayurveda Medical College and Hospital(0669) IIMT Ayurveda Medical College and Hospital(0669) 09/03/2025 R.LALL, MEERUT   615.3 BHA 30-B-8568 09/11/2025 Text-Book- for 7 days
IIMT, Central Library. All Rights Reserved IIMT,UNIVERSITY © 2023
Implemented and Customised by I CLOUDE EMS
You Are OPAC Visitor No
free web counter

Powered by Koha